Partilha da África - Statistics

Estatísticas Gerais
  • Esse quiz foi jogado 26 vezes
  • A pontuação média é 52 de 53
Estatísticas das Respostas
País Colonizador % Correto
Egito Egito
100%
Argélia França
100%
Benim França
100%
Burkina Faso França
100%
Chade França
100%
Comores França
100%
Costa do Marfim França
100%
Djibuti França
100%
Gabão França
100%
Guiné-Bissau França
100%
Ilhas Mauricio França
100%
Madagascar França
100%
Mali França
100%
Mauritânia França
100%
Marrocos França
100%
Niger França
100%
República Centro-Africana França
100%
Senegal França
100%
Seychelles França
100%
Togo França
100%
Tunísia França
100%
África do Sul Inglaterra
100%
Botsuana Inglaterra
100%
Essuatíni (Suazilândia) Inglaterra
100%
Gambia Inglaterra
100%
Gana Inglaterra
100%
Lesoto Inglaterra
100%
Malawi Inglaterra
100%
Nigéria Inglaterra
100%
Quênia Inglaterra
100%
Serra Leoa Inglaterra
100%
Sudão do Sul Inglaterra
100%
Uganda Inglaterra
100%
Zâmbia Inglaterra
100%
Zimbábue Inglaterra
100%
Sudão Inglaterra/França
100%
Angola Portugal
100%
Cabo Verde Portugal
100%
Guiné Portugal
100%
Moçambique Portugal
100%
São Tomé e Príncipe Portugal
100%
Guiné Equatorial Espanha
96%
Saara Ocidental Espanha
96%
Camarões Alemanha
91%
Namíbia Alemanha
91%
Tanzânia Alemanha
91%
Burundi Bélgica
87%
Republica Democrática do Congo Bélgica
87%
Ruanda Bélgica
87%
Republica do Congo Holanda
87%
Eritreia Itália
87%
Líbia Itália
87%
Somália Itália
87%
Nenhum quiz correspondente encontrado
Distribuição das Pontuações
Porcentagem de Pessoas com Cada Pontuação
Percentil de Números Respondidos
Sua Pontuação Histórica
Você não jogou esse quiz